Education and training of information specialists for the 1970's

Đã lưu trong:
Sonraí Bibleagrafaíochta
Príomhúdar: Schur, Herbert
Formáid: Leabhar
Teanga:Undetermined
Foilsithe: Paris Organisation for Economic Co-operation and Development 1973
Ábhair:
Clibeanna: Cuir Clib Leis
Gan Chlibeanna, Bí ar an gcéad duine leis an taifead seo a chlibeáil!
Thư viện lưu trữ: Trung tâm Học liệu Trường Đại học Cần Thơ
LEADER 00585nam a2200193Ia 4500
001 CTU_83372
008 210402s9999 xx 000 0 und d
082 |a 001.5 
082 |b S394 
100 |a Schur, Herbert 
245 0 |a Education and training of information specialists for the 1970's 
245 0 |c Herbert schur 
260 |a Paris 
260 |b Organisation for Economic Co-operation and Development 
260 |c 1973 
650 |a Information science 
650 |x Study and teaching 
904 |i Qhieu(sửa) 
980 |a Trung tâm Học liệu Trường Đại học Cần Thơ